| 000 | 005350000a22001930004500 | ||
|---|---|---|---|
| 999 |
_c49248 _d49248 |
||
| 001 | 2100 | ||
| 003 | CO-MdFUSB | ||
| 005 | 20180208183214.0 | ||
| 008 | 180208b xxu||||| |||| 00| 0 eng d | ||
| 020 | _a978-958--8251-77-6 | ||
| 040 | _cCO-MdBIC | ||
| 082 | 0 | 4 | _a868PCF P77s |
| 100 | 1 | _aPombo, Rafael | |
| 245 | 1 | 0 | _aSelección de poesías, cuentos y fábulas infantiles / Rafael Pombo |
| 260 | _aBogota : Editorial Distribuidora Escar E.U | ||
| 300 | _a72 P. | ||
| 650 | 1 | 4 | _aPoesía, Centos y Fábulas Colombianas |
| 942 | _cLGB | ||